International governance on environmental issues

Αποθηκεύτηκε σε:
Λεπτομέρειες βιβλιογραφικής εγγραφής
Άλλοι συγγραφείς: Rolen, Mats 1948- (Επιμελητής έκδοσης), Sjoberg, Helen (Επιμελητής έκδοσης), Uno, Svedin 1943- (Επιμελητής έκδοσης)
Μορφή: Βιβλίο
Γλώσσα:English
Δημοσίευση: Dordrecht : Kluwer Academic publishers, c1997
Σειρά:Environment & policy ; ; 9
Θέματα:
Ετικέτες: Προσθήκη ετικέτας
Δεν υπάρχουν, Καταχωρήστε ετικέτα πρώτοι!

MARC

LEADER 00000nam a2200000 i 4500
001 1/96144
008 991213s eng d
020 |a 0-7923-4701-3 
035 |l 10055631 
040 |a GR-MY-UA  |b gre  |e aacr 
041 0 |a eng 
082 0 |a 341.762 
245 1 0 |a International governance on environmental issues /  |c Edited by Mats Rolen, Helen Sjoberg, and Uno Svedin 
260 |a Dordrecht :   |b Kluwer Academic publishers,   |c c1997 
300 |a 180 p. 
490 1 |a Environment & policy  |v ; 9 
504 |a Includes bibliographical references and index 
650 0 0 |a Environmental law, International. 
650 0 0 |a Environmental policy  |x International cooperation. 
700 1 |a Rolen, Mats  |d 1948-  |4 edt 
700 1 |a Sjoberg, Helen.  |4 edt 
700 1 |a Uno, Svedin  |d 1943-  |4 edt 
830 0 |a Environment & policy ;  |v ; 9 
852 |a INST  |b LESVOS  |e 19991213  |h 341.762 INT  |p 005100018913  |q 005100018913  |t BK  |y 0 
901 |a BIBL1-1999-3 
909 |a Λ  |b 071167 
922 |a 1ΕΛΗ  |b 199912  |c ΚΠΣ/ΠΜΣ  |d ΠΑΠΑΣΩΤΗΡΙΟΥ 
950 |a 157-1999-09-29 
970 |a ΜΟΥΣΤΑΚΑ  |b ΠΗΝΕΛΟΠΗ  |z 1999/12/13